000 00217nam a2200097Ia 4500
008 190216s9999||||xx |||||||||||||| ||und||
100 _aDr.Paul
245 0 _aHindi-Pusthak
260 _bNational Book Stall
942 _cBK
999 _c15372
_d15372